Mahapurush Gautam Buddha (Record no. 9477)

MARC details
000 -LEADER
fixed length control field 00596cam a2200217ua 4500
005 - DATE AND TIME OF LATEST TRANSACTION
control field 20230405112045.0
008 - FIXED-LENGTH DATA ELEMENTS--GENERAL INFORMATION
fixed length control field 190309n ii |||gr||||Z||||||asm
020 ## - INTERNATIONAL STANDARD BOOK NUMBER
International Standard Book Number 9789382750925
040 ## - CATALOGING SOURCE
Transcribing agency MAIN
Original cataloging agency IN-DiNC
041 ## - LANGUAGE CODE
Language code of sung or spoken text Assamese
082 ## - DEWEY DECIMAL CLASSIFICATION NUMBER
Classification number 294.3
Item number DAT
100 ## - MAIN ENTRY--PERSONAL NAME
Personal name Soumyadeep Datta,
Relator term Author
245 ## - TITLE STATEMENT
Title Mahapurush Gautam Buddha
Statement of responsibility, etc. by Soumyadeep Datta
250 ## - EDITION STATEMENT
Edition statement 1st ed.
260 ## - PUBLICATION, DISTRIBUTION, ETC.
Place of publication, distribution, etc. Dibrugarh:
Name of publisher, distributor, etc. Banalata,
Date of publication, distribution, etc. 2015.
300 ## - PHYSICAL DESCRIPTION
Extent 211p.
650 ## - SUBJECT ADDED ENTRY--TOPICAL TERM
Topical term or geographic name entry element Religious philosophy of Gautam Buddha
942 ## - ADDED ENTRY ELEMENTS (KOHA)
Koha item type Books
Source of classification or shelving scheme Dewey Decimal Classification
653 ## - INDEX TERM--UNCONTROLLED
Uncontrolled term Biography, genealogy & insignia
653 ## - INDEX TERM--UNCONTROLLED
Uncontrolled term Assamese biography
Holdings
Withdrawn status Lost status Source of classification or shelving scheme Damaged status Not for loan Collection code Home library Current library Shelving location Date acquired Cost, normal purchase price Total Checkouts Full call number Barcode Date last seen Date last checked out Copy number Price effective from Koha item type
    Dewey Decimal Classification     General Collection Central Library, Naharkatiya College Central Library, Naharkatiya College General Stacks 19/09/2020 200.00 1 294.3 DAT 25523 19/11/2025 13/11/2025 1 19/09/2020 Books
    Dewey Decimal Classification     General Collection Central Library, Naharkatiya College Central Library, Naharkatiya College General Stacks 05/04/2023 200.00 1 294.3 DAT 26154 04/06/2025 15/05/2025 2 05/04/2023 Books

Naharkatiya College © 2020. All rights reserved.

Powered By